| 000 | 00752nam a2200241Ia 4500 | ||
|---|---|---|---|
| 999 |
_c41064 _d41064 |
||
| 001 | 7713 | ||
| 003 | GE_BSU | ||
| 005 | 20220922100128.0 | ||
| 008 | 181216s2010en xx |||||||||||||| ||eng|| | ||
| 040 | _cGE_BSU | ||
| 080 | _a515.1 C-90 | ||
| 100 |
_aCrossley,Martin D. _914669 |
||
| 245 |
_aEssential Topology / _cMartin D.Crossley, Advisory Board:M.A.J.Chaplain,K.Erdmann,and other. |
||
| 264 |
_aNew York : _bSpringer, _c2010. |
||
| 300 |
_a227 p; _c23 cm. |
||
| 440 |
_aSpringer Undergraduate Mathematics Series: ISSN 1615-2085. _914670 |
||
| 653 | _aEssential Topology. | ||
| 653 | _aტოპოლოგია. | ||
| 700 |
_aBoard, Advisory _914671 |
||
| 700 |
_aChaplain, M.A.J _914672 |
||
| 700 |
_aErdmann, ,K. _914673 |
||
| 942 |
_cBK _2udc |
||